00482nam a2200193Ia 4500008004100000020002200041050001700063050001600080100002000096245003200116245001900148260001300167260002500180260000900205300001500214300002600229300001100255650002200266160819s9999 xx 000 0 und d a978-1-85626-683-3 aCUL TX 724.5 b.C5H75 2006 aHsiung, Deh-Ta. 4aThe Festive food of China / cDeh-Ta Hsiung. aLondon : bKyle Cathie Limited, c2006 a92 pages : bcolor illustrations ; c21 cm. aCooking, Chinese.